000 00246nam a2200097Ia 4500
005 20250424112833.0
008 250424s9999 xx 000 0 und d
300 _a192 p.; 26 cm.
650 _aUnited States--Foreign economic relations.
942 _cSR
999 _c37420
_d37420